Города по Фото — Ш - Statistics

General Stats
  • This quiz has been taken 17 times
  • The average score is 2 of 12
Answer Stats
Picture Answer % Correct
Шанхай
92%
Штуттгарт
42%
Шлиссельбург
17%
Шарджа
8%
Шираз
8%
Шамони-Мон-Блан
8%
Шверин
8%
Шенген
8%
Шефшауэн
0%
Шартр
0%
Шимла
0%
Шингетти
0%
No matching quizzes found
Score Distribution
Percent of People with Each Score
Percentile by Number Answered
Your Score History
You have not taken this quiz